Športové centrum

Uložené v:
Podrobná bibliografia
Hlavný autor: Csernyanszki, Richard (Autor)
Ďalší autori: Vargová, Andrea (Vedúci práce)
Médium: Rukopis Kniha
Jazyk:Slovak
Vydavateľské údaje: 2024
Predmet:
On-line prístup:http://is.stuba.sk/zp/portal_zp.pl?podrobnosti=176528
https://opac.crzp.sk/?fn=detailBiblioForm&sid=AA0D9432EF6DE826C3131D4F11D3
Tagy: Pridať tag
Žiadne tagy, Buďte prvý, kto otaguje tento záznam!

MARC

LEADER 00000ntm a22000003a 4500
001 stuzp98893
003 SK-STU
005 20240910092447.8
007 ta
008 150427s2015----xo-----f-mn---000-0-slo-d
040 |a STU  |b slo 
041 0 |a slo 
100 1 |a Csernyanszki, Richard  |u 010180  |4 aut  |U SvF Stavebná fakulta  |T SvF Katedra konštrukcií pozemných stavieb  |X 97634  |U V180  |Y 18  |7 97634 
242 0 1 |a Sports center  |y eng 
245 1 0 |a Športové centrum 
260 |c 2024 
650 4 |a Športové centrum  |2 slo 
650 4 |a Trojkĺbový rám  |2 slo 
650 4 |a Drevostavba  |2 slo 
650 4 |a Clt  |2 slo 
650 4 |a CLT  |2 eng 
650 4 |a Three-joint framer  |2 eng 
650 4 |a Sports centre  |2 eng 
700 1 |a Vargová, Andrea  |u 010180  |k Z1  |4 ths  |U SvF Stavebná fakulta  |T SvF Katedra konštrukcií pozemných stavieb  |X 618  |U V180  |Y 18  |7 A000000618 
856 4 |u http://is.stuba.sk/zp/portal_zp.pl?podrobnosti=176528 
856 4 |u https://opac.crzp.sk/?fn=detailBiblioForm&sid=AA0D9432EF6DE826C3131D4F11D3